Music Quiz

Random Music or Album Quiz
Score 0/91 Timer 08:00
4 Plays Today
Album Word % Correct
Infinity on HighI'm Like a Lawyer With the Way I'm Always Trying to Get You Off (Me & You)
98.3%
Take This To Your GraveSending Postcards From a Plane Crash (Wish You Were Here)
98.2%
From Under the Cork TreeI've Got a Dark Alley and a Bad Idea That Says You Should Shut Your Mouth
97.3%
Infinity on HighDon't You Know Who I Think I Am
96.8%
From Under the Cork TreeA Little Less Sixteen Candles, a Little More 'Touch Me'
96.6%
Infinity on HighThis Ain't A Scene It's An Arms Race
96.6%
Infinity on HighG.I.N.A.S.F.S.
96.5%
From Under the Cork TreeI Slept with Someone in Fall Out Boy and All I Got Was This Stupid Song Written About Me
96.5%
Folie à DeuxWhat a Catch, Donnie
96.4%
Folie à DeuxHeadfirst Slide Into Cooperstown on a Bad Bet
96.4%
Save Rock and RollRat a Tat
96.2%
Save Rock and RollMy Songs Know What You Did In The Dark
95.9%
Infinity on HighIt's Hard To Say I Do When I Don't
95.7%
Infinity on Highthnks fr th mmrs
94.8%
Folie à DeuxI Don't Care
94.7%
From Under the Cork TreeOur Lawyer Made Us Change the Name of This Song So We Wouldn't Get Sued
94.3%
Take This To Your GraveTell That Mick He Just Made My List of Things to Do Today
91.9%
ManiaThe Last of the Real Ones
91.3%
Save Rock and RollWhere Did the Party Go
91.2%
Save Rock and RollThe Phoenix
90.1%
From Under the Cork TreeOf All the Gin Joints in All the World
89.7%
Infinity on HighThe Carpal Tunnel of Love
89.1%
From Under the Cork TreeNobody Puts Baby in the Corner
88.1%
Infinity on HighThe (After) Life of the Party
88%
From Under the Cork TreeSophomore Slump or Comeback of the Year
87.8%
Save Rock and RollThe Mighty Fall
87.7%
Take This To Your GraveThe Pros and Cons of Breathing
87.7%
Take This To Your GraveThe Patron Saint of Liars and Fakes
87.7%
Folie à DeuxThe (Shipped) Gold Standard
87.4%
Take This To Your GraveReinventing the Wheel to Run Myself Over
87.3%
Infinity on HighI've Got All This Ringing In My Ears and None On My Fingers
87%
Album Word % Correct
American Beauty/American PsychoThe Kids Aren't Alright
86.9%
Infinity on HighThe Take Over the Breaks Over
86.6%
Infinity on HighBang The Doldrums
85.4%
Save Rock and RollMiss Missing You
85.1%
Take This To Your GraveCalm Before the Storm
84.2%
MiscellaneousAlpha Dog
83.9%
ManiaHold Me Tight or Don't
82.5%
Save Rock and RollSave Rock and Roll
81.2%
ManiaYoung and Menace
80.8%
MiscellaneousFrom Now On We Are Enemies
76.4%
Take This To Your GraveGrand Theft Autumn/Where Is Your Boy
73.6%
American Beauty/American PsychoAmerican Beauty/American Psycho
73%
From Under the Cork TreeSugar We're Going Down
72.1%
From Under the Cork TreeChampagne For My Real Friends, Real Pain For My Sham Friends
72%
Infinity on HighYou're Crashing, But You're No Wave
71.6%
American Beauty/American PsychoTwin Skeletons (Hotel in NYC)
71.4%
American Beauty/American PsychoFourth of July
70%
Folie à DeuxDisloyal Order of Water Buffaloes
68.9%
Folie à DeuxShe's My Winona
67.4%
American Beauty/American PsychoCenturies
64.1%
From Under the Cork Tree7 Minutes In Heaven (Atavan Halen)
63.8%
Take This To Your GraveChicago Is So Two Years Ago
63.7%
From Under the Cork TreeDance, Dance
62.1%
Take This To Your GraveDead On Arrival
60.2%
Save Rock and RollYoung Volcanoes
59.9%
American Beauty/American PsychoUma Thurman
59%
Save Rock and RollJust One Yesterday
56.4%
Folie à Deux(Coffee's For Closers)
55.3%
American Beauty/American PsychoImmortals
55.1%
Save Rock and RollAlone Together
51.7%
American Beauty/American PsychoIrresistible
51%
Album Word % Correct
American Beauty/American PsychoJet Pack Blues
50.7%
MiscellaneousBeat It
49.8%
Save Rock and RollDeath Valley
48.8%
From Under the Cork TreeGet Busy Living Or Get Busy Dying
48%
Folie à Deux20 Dollar Nosebleed
47.8%
ManiaChampion
47.3%
Folie à Deux27
45.1%
Folie à DeuxAmerica's Suitehearts
45%
American Beauty/American PsychoNovocaine
44.4%
ManiaStay Frosty Royal Milk Tea
44.3%
American Beauty/American PsychoFavorite Record
43.4%
ManiaChurch
42.9%
Infinity on HighThriller
41%
ManiaWilson (Expensive Mistakes)
40.9%
ManiaBishops Knife Trick
39.8%
Take This To Your GraveSaturday
39.5%
Folie à DeuxTIffany Blews
38.5%
Folie à Deuxw.a.m.s
38.4%
From Under the Cork TreeXO
37.7%
ManiaSunshine Riptide
36.6%
ManiaHeaven's Gate
36.3%
Infinity on HighGolden
36.1%
Take This To Your GraveHomesick at Space Camp
35.2%
Infinity on HighHum Hallelujah
35.1%
Folie à DeuxWest Coast Smoker
34.2%
MiscellaneousDear Future Self (Hands Up)
28.3%
Infinity on HighFame < Infamy
27.8%
Take This To Your GraveGrenade Jumper
23.4%
Folie à DeuxLullabye
22.8%

You're not logged in!

Compare scores with friends on all Sporcle quizzes.
OR
Log In

Sporcle TV

Today on Sporcle TV


Watch our educational content, quiz creation guides, and fun videos on Sporcle TV.

Show Comments

Extras

Top Quizzes Today


Score Distribution

Paid Content

Your Account Isn't Verified!

In order to create a playlist on Sporcle, you need to verify the email address you used during registration. Go to your Sporcle Settings to finish the process.

Report this User

Report this user for behavior that violates our Community Guidelines.

Details: